[Event "Let´s go Newbies"]
[Site "SchemingMind.com"]
[Date "2009.06.06"]
[Round "-"]
[White "BigDaddy"]
[Black "andu"]
[Result "0-1"]
[WhiteCountry "AUT"]
[BlackCountry "AUT"]
[WhiteElo "1234"]
[WhiteRD "97"]
[BlackElo "1669"]
[BlackRD "64"]
[GameID "207465"]

1. e4 e5 2. Nf3 Nc6 3. Bb5 Nf6 4. Nc3 Bb4 5. a3 Bxc3 6. Bxc6 bxc6 7. dxc3 Nxe4 8. Qd3 d5 9. Qe2 a5 10. O-O O-O
11. Nxe5 Re8 12. Qh5 Be6 13. Bf4 g6 14. Qe2 Rb8 15. f3 Nc5 16. Nxc6 Bh3 17. Be5 Qg5 18. Kf2 Qxg2+ 19. Ke1 Qxe2+ 20. Kxe2 Bxf1+
21. Rxf1 Rxb2 22. Rc1 f6 23. f4 fxe5 24. fxe5 Rb6 25. Nd4 Rxe5+ 26. Kd2 Ne4+ 27. Ke2 Nxc3+ 28. Kd3 Na2 29. Rf1 c5
0-1

[Event "Let´s go Newbies"]
[Site "SchemingMind.com"]
[Date "2009.06.06"]
[Round "-"]
[White "andu"]
[Black "BigDaddy"]
[Result "1-0"]
[WhiteCountry "AUT"]
[BlackCountry "AUT"]
[WhiteElo "1669"]
[WhiteRD "64"]
[BlackElo "1234"]
[BlackRD "97"]
[GameID "207466"]

1. e4 e5 2. Nf3 Nc6 3. Bc4 Bc5 4. d3 d6 5. h3 Nf6 6. Bxf7+ Kxf7 7. Bg5 h6 8. Bxf6 Qxf6 9. O-O Re8 10. Nc3 Kf8
11. Nd5 Qd8 12. c3 Be6 13. Nd2 Bxd5 14. exd5 Ne7 15. Ne4 Nxd5 16. Nxc5 dxc5 17. Qf3+ Kg8 18. Rfe1 Qe7 19. Qxd5+ Kh8 20. Qxb7 Reb8
21. Qd5 Rd8 22. Qc4 Rab8 23. b3 a5 24. Re4 a4 25. Qxa4 Rxd3 26. Rc1 Rd2 27. Qa5
1-0

[Event "Let´s go Newbies"]
[Site "SchemingMind.com"]
[Date "2009.06.05"]
[Round "-"]
[White "themonsteriam"]
[Black "andu"]
[Result "0-1"]
[WhiteCountry "USA"]
[BlackCountry "AUT"]
[WhiteElo "1381"]
[WhiteRD "142"]
[BlackElo "1669"]
[BlackRD "64"]
[GameID "207467"]

1. e4 e5 2. f4 Nc6 3. Nf3 exf4 4. Bc4 h6 5. O-O d6 6. d4 Nf6 7. Nc3 a6 8. Bxf4 g5 9. e5 dxe5 10. Re1 gxf4
11. Nxe5 Nxe5 12. dxe5 Qxd1 13. Raxd1 Bc5+ 14. Kh1 Ng4 15. Bxf7+ Kxf7 16. Rd5 Nf2+ 17. Kg1 Nd3+ 18. Rxc5 Nxe1 19. Rxc7+ Ke6 20. Kf2 Nxc2
21. Rc5 b6 22. Rc6+ Kxe5 23. Rxb6 Rd8 24. Ke2 Bg4+ 25. Kf2 Rd2+ 26. Kf1 Rad8 27. Rg6 Ne3+ 28. Ke1 Rxb2 29. Rxh6 Rdd2 30. Rxa6 Rdc2
31. h3 Rc1+ 32. Nd1 Rxd1#
0-1

[Event "Let´s go Newbies"]
[Site "SchemingMind.com"]
[Date "2009.06.06"]
[Round "-"]
[White "themonsteriam"]
[Black "BigDaddy"]
[Result "1-0"]
[WhiteCountry "USA"]
[BlackCountry "AUT"]
[WhiteElo "1381"]
[WhiteRD "142"]
[BlackElo "1234"]
[BlackRD "97"]
[GameID "207468"]

1. e4 e5 2. f4 Nc6 3. Nf3 Nf6 4. Bc4 Bc5 5. Nc3 d6 6. d4 exd4 7. Nd5 O-O 8. O-O Nxe4 9. Bd3 Nf6 10. Nxf6+ Qxf6
11. a3 Bf5 12. b4 Bb6 13. b5 Na5 14. Bxf5 Qxf5 15. Bb2 Qxf4 16. Nxd4 Qh6 17. Kh1 c5 18. Nf5 Qg6 19. Ne7+ Kh8 20. Nxg6+ fxg6
21. Rxf8+ Rxf8 22. Qxd6 Rf2 23. Qb8+ Rf8 24. Qxf8#
1-0

[Event "Let´s go Newbies"]
[Site "SchemingMind.com"]
[Date "2009.06.05"]
[Round "-"]
[White "andu"]
[Black "themonsteriam"]
[Result "0-1"]
[WhiteCountry "AUT"]
[BlackCountry "USA"]
[WhiteElo "1669"]
[WhiteRD "64"]
[BlackElo "1381"]
[BlackRD "142"]
[GameID "207469"]

1. e4 e6 2. d4 d5 3. Nd2 c5 4. exd5 exd5 5. Ngf3 Nc6 6. Bb5 Ne7 7. dxc5 a6 8. Ba4 Nf5 9. Qe2+ Be7 10. O-O O-O
11. Nb3 d4 12. Rd1 b5 13. Nbxd4 Ncxd4 14. Nxd4 Nxd4 15. Qe4 Bxc5 16. Qxa8 Ne2+ 17. Kf1 Qxd1#
0-1

[Event "Let´s go Newbies"]
[Site "SchemingMind.com"]
[Date "2009.06.06"]
[Round "-"]
[White "BigDaddy"]
[Black "themonsteriam"]
[Result "0-1"]
[WhiteCountry "AUT"]
[BlackCountry "USA"]
[WhiteElo "1234"]
[WhiteRD "97"]
[BlackElo "1381"]
[BlackRD "142"]
[GameID "207470"]

1. e4 e6 2. Nf3 d5 3. Nc3 c5 4. d4 Nc6 5. Bb5 Ne7 6. dxc5 d4 7. Nxd4 a6 8. Nxc6 bxc6 9. Qxd8+ Kxd8 10. Bg5 axb5
11. Rd1+ Bd7 12. O-O f6 13. Be3 b4 14. Ne2 Rxa2 15. Nf4 Kc7 16. Rd2 e5 17. Rfd1 Bc8 18. g4 Bxg4 19. Re1 g5 20. f3 gxf4
21. Bf2 Bxf3 22. Rd3 Rg8+ 23. Kf1 Bg2+ 24. Kg1 Bxe4+ 25. Kf1 Bxd3+ 26. cxd3 Rxb2 27. Rc1 Bh6 28. d4 f3 29. Bg3 Bxc1
0-1

[Event "Let´s go Newbies"]
[Site "SchemingMind.com"]
[Date "2009.06.06"]
[Round "-"]
[White "DandyLion"]
[Black "andu"]
[Result "1-0"]
[WhiteCountry "IRL"]
[BlackCountry "AUT"]
[WhiteElo "1876"]
[WhiteRD "103"]
[BlackElo "1669"]
[BlackRD "64"]
[GameID "207573"]

1. e4 e5 2. f4 exf4 3. Nf3 Be7 4. Bc4 Nf6 5. Nc3 Bc5 6. d4 Bb4 7. e5 Bxc3+ 8. bxc3 Ne4 9. Qd3 Nxc3 10. Qxc3 O-O
11. Bxf4 b6 12. O-O Bb7 13. d5 d6 14. Bg5 Qd7 15. e6 fxe6 16. dxe6 Qc6 17. e7+
1-0

[Event "Let´s go Newbies"]
[Site "SchemingMind.com"]
[Date "2009.06.06"]
[Round "-"]
[White "DandyLion"]
[Black "BigDaddy"]
[Result "1-0"]
[WhiteCountry "IRL"]
[BlackCountry "AUT"]
[WhiteElo "1876"]
[WhiteRD "103"]
[BlackElo "1234"]
[BlackRD "97"]
[GameID "207574"]

1. e4 e5 2. f4 Nc6 3. Nf3 Nf6 4. Nc3 Bb4 5. d3 d6 6. Be2 Bxc3+ 7. bxc3 Bg4 8. Rb1 Qd7 9. O-O O-O-O 10. Be3 Na5
11. fxe5 dxe5 12. Nxe5 Qe8 13. Nxg4 Qe6 14. Nxf6 gxf6 15. Bg4 f5 16. Bxf5
1-0

[Event "Let´s go Newbies"]
[Site "SchemingMind.com"]
[Date "2009.06.06"]
[Round "-"]
[White "DandyLion"]
[Black "themonsteriam"]
[Result "1-0"]
[WhiteCountry "IRL"]
[BlackCountry "USA"]
[WhiteElo "1876"]
[WhiteRD "103"]
[BlackElo "1381"]
[BlackRD "142"]
[GameID "207575"]

1. e4 e6 2. d4 d5 3. exd5 exd5 4. Bd3 Bd6 5. Nc3 Nf6 6. Bg5 O-O 7. Nf3 Re8+ 8. Be3 Bg4 9. O-O Nc6 10. h3 Bxf3
11. Qxf3 Nb4 12. Bg5 Nxd3 13. Qxd3 h6 14. Bxf6 Qxf6 15. Nxd5 Qg5 16. c4 c6 17. Ne3 Qf4 18. Ng4 h5 19. g3 Qg5 20. Nh2 h4
21. Nf3 Qh5 22. Nxh4 g6 23. Rad1 c5 24. d5 Rad8 25. Rde1 Be5 26. Kg2 Bxb2 27. Nf3 Kg7 28. Rb1 Rh8 29. h4 Bf6 30. Rxb7 a6
31. Qe3 Rde8 32. Qf4 a5 33. Ng5 Bxg5 34. Qxf7+ Kh6 35. Qg7#
1-0

[Event "Let´s go Newbies"]
[Site "SchemingMind.com"]
[Date "2009.06.06"]
[Round "-"]
[White "andu"]
[Black "DandyLion"]
[Result "0-1"]
[WhiteCountry "AUT"]
[BlackCountry "IRL"]
[WhiteElo "1669"]
[WhiteRD "64"]
[BlackElo "1876"]
[BlackRD "103"]
[GameID "207576"]

1. e4 e5 2. Nf3 Nc6 3. Bb5 a6 4. Bxc6 dxc6 5. Nxe5 Qd4 6. O-O Qxe5 7. Nc3 Bc5 8. d3 Nf6 9. Be3 Bxe3 10. fxe3 Bg4
11. Ne2 O-O 12. d4 Qxe4 13. Qd3 Qxd3 14. cxd3 Bxe2 15. Rf2 Bxd3 16. Rd1 Bc4 17. b3 Bd5 18. Rc1 Ne4 19. Rf4 f5 20. g4 fxg4
21. Rxg4 Rf6
0-1

[Event "Let´s go Newbies"]
[Site "SchemingMind.com"]
[Date "2009.06.06"]
[Round "-"]
[White "BigDaddy"]
[Black "DandyLion"]
[Result "0-1"]
[WhiteCountry "AUT"]
[BlackCountry "IRL"]
[WhiteElo "1234"]
[WhiteRD "97"]
[BlackElo "1876"]
[BlackRD "103"]
[GameID "207577"]

1. e4 e5 2. Nf3 Nc6 3. Bc4 Bc5 4. O-O Nf6 5. d3 O-O 6. Nc3 d6 7. Bg5 Be6 8. Qe2 Nd4 9. Nh4 Nxe2+ 10. Nxe2 c6
11. Bxe6 fxe6 12. Bxf6 Qxf6 13. g3 Rf7
0-1

[Event "Let´s go Newbies"]
[Site "SchemingMind.com"]
[Date "2009.06.06"]
[Round "-"]
[White "themonsteriam"]
[Black "DandyLion"]
[Result "0-1"]
[WhiteCountry "USA"]
[BlackCountry "IRL"]
[WhiteElo "1381"]
[WhiteRD "142"]
[BlackElo "1876"]
[BlackRD "103"]
[GameID "207578"]

1. e4 e5 2. f4 exf4 3. Nf3 g5 4. h4 g4 5. Ng5 h6 6. Nxf7 Kxf7 7. Qxg4 Qf6 8. Bc4+ Ke7 9. O-O h5 10. Qe2 Nc6
11. d3 Nd4 12. Qf2 Bh6 13. Nc3 c6 14. e5 Qg7 15. Bxf4 Bxf4 16. Qxd4 Bxe5 17. Rfe1 d6 18. Re2 Bg4 19. Nd5+ Kd7 20. Qe3 Bd4
21. Qxd4 Qxd4+ 22. Kh1 Bxe2 23. c3 Qxh4+ 24. Kg1 cxd5 25. Bb5+ Kc7 26. Rc1 Rf8 27. c4 Qf2+ 28. Kh1 Rf4 29. g3 Qxg3 30. Rg1 Rh4#
0-1

[Event "Let´s go Newbies"]
[Site "SchemingMind.com"]
[Date "2009.06.06"]
[Round "-"]
[White "heypeople"]
[Black "andu"]
[Result "0-1"]
[WhiteCountry "USA"]
[BlackCountry "AUT"]
[WhiteElo "1368"]
[WhiteRD "155"]
[BlackElo "1669"]
[BlackRD "64"]
[GameID "207622"]

1. c4 Nf6 2. Nc3 e6 3. e4 d5 4. e5 d4 5. Na4 Nfd7 6. d3 Nxe5 7. Nf3 Nbc6 8. Bf4 Bb4+ 9. Bd2 Nxf3+ 10. Qxf3 Bxd2+
11. Kxd2 Qg5+ 12. Ke2 e5 13. Re1 Bg4 14. h4 Bxf3+ 15. gxf3 Qf6 16. Bg2 O-O 17. Rh3 Rae8 18. Kf1 Nb4 19. Rd1 Qg6 20. Nc5 Rd8
21. Nxb7 Rb8 22. Nc5 Nxa2 23. Nd7 Rxb2 24. Nxf8 Kxf8 25. Rg3 Qf5 26. Bh3 Qf4 27. Kg2 Nc3 28. Rg4 Qf6 29. Rf1 Ne2 30. Kh2 Qxf3
31. Rg3 Nxg3 32. c5 Rxf2+ 33. Rxf2 Qxf2+ 34. Bg2 a5 35. c6 Nf1+ 36. Kh3 Qg3#
0-1

[Event "Let´s go Newbies"]
[Site "SchemingMind.com"]
[Date "2009.06.06"]
[Round "-"]
[White "heypeople"]
[Black "BigDaddy"]
[Result "1-0"]
[WhiteCountry "USA"]
[BlackCountry "AUT"]
[WhiteElo "1368"]
[WhiteRD "155"]
[BlackElo "1234"]
[BlackRD "97"]
[GameID "207623"]

1. e4 e5 2. f4 Nc6 3. Nf3 Nf6 4. d3 Bb4+ 5. Bd2 d6 6. a3 Ba5 7. Bxa5 Nxa5 8. fxe5 Nd7 9. d4 O-O 10. Be2 Qe8
11. Nc3 c6 12. exd6 Qe6 13. e5 Nc4 14. Qc1 Qg4 15. Bxc4 c5 16. O-O Re8 17. Qe3 b6 18. Qe4 Qxe4 19. Nxe4 Bb7 20. Neg5 Kf8
21. Nxh7+ Kg8 22. Nhg5 Kh8 23. Bxf7 Rf8 24. Be6 Nb8 25. Nf7+ Kg8 26. N3g5 Nc6 27. Nh6+ Kh8 28. Rxf8+ Rxf8 29. Nhf7+ Kg8 30. Rf1
1-0

[Event "Let´s go Newbies"]
[Site "SchemingMind.com"]
[Date "2009.06.06"]
[Round "-"]
[White "heypeople"]
[Black "DandyLion"]
[Result "0-1"]
[WhiteCountry "USA"]
[BlackCountry "IRL"]
[WhiteElo "1368"]
[WhiteRD "155"]
[BlackElo "1876"]
[BlackRD "103"]
[GameID "207624"]

1. f4 d5 2. e3 Nf6 3. Nf3 Bf5 4. d3 e6 5. Be2 Nc6 6. O-O Bc5 7. d4 Bd6 8. Nc3 O-O 9. b3 Ne4 10. Bb2 f6
11. Nxe4 Bxe4 12. Bd3 f5 13. Ng5 Qf6 14. Nxe4 fxe4 15. Be2 Ne7 16. c4 c6 17. c5 Bc7 18. Bc3 Nf5 19. Qc1 Qh4 20. Be1 Qf6
21. Bg4 Qg6 22. Bxf5 Rxf5 23. Qd2 b5 24. b4 a5 25. bxa5 Bxa5 26. Qe2 Rf7 27. Bxa5 Rxa5 28. Qd2 Rfa7 29. a3 Rxa3 30. Rfb1 Rxa1
31. Rxa1 Rxa1+ 32. Kf2 Qe8 33. g4 Qa8 34. g5 Ra2 35. Qxa2 Qxa2+ 36. Kg3 b4 37. h4 b3 38. Kg4 b2 39. Kh5 b1=Q 40. g6 Qe2+
41. Kg5 Qg1#
0-1

[Event "Let´s go Newbies"]
[Site "SchemingMind.com"]
[Date "2009.06.07"]
[Round "-"]
[White "heypeople"]
[Black "themonsteriam"]
[Result "1-0"]
[WhiteCountry "USA"]
[BlackCountry "USA"]
[WhiteElo "1368"]
[WhiteRD "155"]
[BlackElo "1381"]
[BlackRD "142"]
[GameID "207625"]

1. Nf3 e6 2. d4 d5 3. c4 c5 4. cxd5 exd5 5. e3 Nc6 6. Bb5 Bd6 7. Nc3 Ne7 8. dxc5 Bxc5 9. e4 d4 10. Bxc6+ Nxc6
11. Nd5 O-O 12. Bf4 Bg4 13. Bc7 Bb4+ 14. Nxb4 Qxc7 15. Nd5 Qa5+ 16. Qd2 Qc5 17. Rc1 Qd6 18. Nxd4 Nxd4 19. Qxd4 Qe6 20. O-O f5
21. f3 Bh5 22. Rc7 Rad8 23. Qxg7#
1-0

[Event "Let´s go Newbies"]
[Site "SchemingMind.com"]
[Date "2009.06.06"]
[Round "-"]
[White "andu"]
[Black "heypeople"]
[Result "0-1"]
[WhiteCountry "AUT"]
[BlackCountry "USA"]
[WhiteElo "1669"]
[WhiteRD "64"]
[BlackElo "1368"]
[BlackRD "155"]
[GameID "207626"]

1. e4 c5 2. Nf3 d6 3. d4 Nc6 4. Nc3 a6 5. Be3 b6 6. dxc5 dxc5 7. Qxd8+ Nxd8 8. Nd5 Rb8 9. Bf4 Rb7 10. Bxa6 Ra7
11. Bxc8 e6 12. Nxb6 Be7 13. O-O-O Nf6 14. Bg5 Nxe4 15. Bxe7 Rxe7 16. Rxd8+ Kxd8 17. Ne5 Nd6 18. Rd1 Kc7 19. Nbd7 Nxc8 20. c3 f6
21. Ng4 Rxd7 22. Re1 h5 23. Ne3 Rhd8 24. Nc4 Nb6 25. Nxb6 Kxb6 26. Rxe6+ Kc7 27. Re1 g5 28. a4 Rd2 29. Re7+ R2d7 30. Rxd7+ Rxd7
31. Kc2 c4 32. b3 cxb3+ 33. Kxb3 g4 34. Kb4 Rd2 35. c4 Rxf2
0-1

[Event "Let´s go Newbies"]
[Site "SchemingMind.com"]
[Date "2009.06.06"]
[Round "-"]
[White "BigDaddy"]
[Black "heypeople"]
[Result "0-1"]
[WhiteCountry "AUT"]
[BlackCountry "USA"]
[WhiteElo "1252"]
[WhiteRD "87"]
[BlackElo "1427"]
[BlackRD "135"]
[GameID "207627"]

1. e4 c5 2. Bc4 d6 3. Qf3 Nh6 4. d3 g6 5. Bxh6 Bxh6 6. Qxf7+ Kd7 7. Nc3 Nc6 8. Be6+ Kc7 9. Nb5+ Kb8 10. Bd5 a6
11. Nc3 Nb4 12. Bc4 Nxc2+ 13. Ke2 Nxa1 14. Nf3 Nc2 15. Qd5 Nb4 16. Qf7 Qf8 17. Qxf8 Rxf8 18. Rd1 Bg7 19. Nd5 Rf7 20. Ng5 Rf8
21. Nxh7 Rh8 22. Ng5 Rxh2 23. Nb6 Ra7 24. Ne6 Bxb2 25. Nxc8 Kxc8 26. a3 Nc6 27. Bd5 Na5 28. Rb1 Bxa3 29. d4 Nc6 30. Bxc6 bxc6
31. Rb6 Kd7 32. d5 cxd5 33. Nf8+ Kc7 34. Rb3 Bc1 35. Ne6+ Kc6 36. Rd3 dxe4
0-1

[Event "Let´s go Newbies"]
[Site "SchemingMind.com"]
[Date "2009.06.06"]
[Round "-"]
[White "DandyLion"]
[Black "heypeople"]
[Result "1-0"]
[WhiteCountry "IRL"]
[BlackCountry "USA"]
[WhiteElo "1876"]
[WhiteRD "103"]
[BlackElo "1368"]
[BlackRD "155"]
[GameID "207628"]

1. e4 c5 2. Nf3 d6 3. d4 Nc6 4. Bc4 e6 5. O-O d5 6. exd5 exd5 7. Re1+ Be7 8. Bb5 Bd7 9. Nc3 Nf6 10. Qe2 Nxd4
11. Bxd7+ Qxd7 12. Nxd4 cxd4 13. Na4 b6 14. Bg5 O-O 15. Qxe7 Qxa4 16. Bxf6 gxf6 17. Qxf6 Qxc2 18. Re5 Rfe8 19. Rg5+ Kf8 20. Qg7+ Ke7
21. Re1+ Kd7 22. Qxf7+ Kc6 23. Qxd5+ Kc7 24. Rg7+ Kc8 25. Rxe8#
1-0

[Event "Let´s go Newbies"]
[Site "SchemingMind.com"]
[Date "2009.06.08"]
[Round "-"]
[White "themonsteriam"]
[Black "heypeople"]
[Result "1-0"]
[WhiteCountry "USA"]
[BlackCountry "USA"]
[WhiteElo "1381"]
[WhiteRD "142"]
[BlackElo "1368"]
[BlackRD "155"]
[GameID "207629"]

1. e4 c5 2. Nf3 d6 3. d4 cxd4 4. Nxd4 e5 5. Nf3 Bg4 6. Bc4 Nf6 7. O-O Nxe4 8. Qd5 Be6 9. Qxe4 d5 10. Bb5+ Nc6
11. Qxe5 Bd6 12. Qxg7 Kd7 13. Bg5 Be7 14. Ne5+ Kc7 15. Bxc6 bxc6 16. Bf4 Bd6 17. Nc3 Qf8 18. Qf6 Qd8 19. Qh6 Qf8 20. Qh5 Rd8
21. Nd3 Bxf4 22. Nxf4 d4 23. Qe5+ Qd6 24. Qa5+ Kb7 25. Nxe6 fxe6 26. Ne4 Qd5 27. Nc5+ Ka8 28. b3 Rhg8 29. g3 h5 30. c4 Qe5
31. Rfe1 Qd6 32. Rxe6 Qf8 33. Qc7 Rb8 34. Qxc6+ Rb7 35. Qxb7#
1-0

[Event "Let´s go Newbies"]
[Site "SchemingMind.com"]
[Date "2009.06.07"]
[Round "-"]
[White "john1960uk"]
[Black "BigDaddy"]
[Result "1-0"]
[WhiteCountry "ENG"]
[BlackCountry "AUT"]
[WhiteElo "1639"]
[WhiteRD "134"]
[BlackElo "1234"]
[BlackRD "97"]
[GameID "207692"]

1. e4 e5 2. Nf3 Nc6 3. Bc4 Nf6 4. Ng5 d5 5. exd5 Na5 6. Bb5+ Bd7 7. Qe2 a6 8. Bxd7+ Kxd7 9. Qxe5 Qe7 10. Qxe7+ Bxe7
11. Nc3 Rae8 12. O-O Ng4 13. d3 Bc5 14. Nce4 Be7 15. Nxf7 Rhf8 16. Nfg5 Bxg5 17. Nxg5 Rf5 18. b4 Nc6 19. dxc6+ Kxc6 20. h3 Nf6
21. Nf3 Rd5 22. Bb2 Nh5 23. Rfe1 Rf8 24. c4 Rxd3 25. Ne5+ Kb6 26. Nxd3 Rf5 27. Bd4+ Kc6 28. g4 Rf3 29. Ne5+ Kd6 30. Nxf3
1-0

[Event "Let´s go Newbies"]
[Site "SchemingMind.com"]
[Date "2009.06.07"]
[Round "-"]
[White "john1960uk"]
[Black "DandyLion"]
[Result "0-1"]
[WhiteCountry "ENG"]
[BlackCountry "IRL"]
[WhiteElo "1639"]
[WhiteRD "134"]
[BlackElo "1876"]
[BlackRD "103"]
[GameID "207693"]

1. e4 e5 2. Nf3 Nc6 3. Bb5 a6 4. Ba4 Nf6 5. O-O Be7 6. Re1 b5 7. Bb3 O-O 8. c3 d5 9. d3 dxe4 10. dxe4 Bg4
11. Qe2 Na5 12. Bc2 c5 13. h3 Bh5 14. g4 Nxg4 15. hxg4 Bxg4 16. Nbd2 Bg5 17. Qd3 Qf6 18. Nxg5 Qxg5 19. Nf3 Qh5 20. Bd1 Rad8
21. Qe2 Rxd1 22. Rxd1 Bxf3
0-1

[Event "Let´s go Newbies"]
[Site "SchemingMind.com"]
[Date "2009.06.07"]
[Round "-"]
[White "john1960uk"]
[Black "heypeople"]
[Result "1-0"]
[WhiteCountry "ENG"]
[BlackCountry "USA"]
[WhiteElo "1639"]
[WhiteRD "134"]
[BlackElo "1368"]
[BlackRD "155"]
[GameID "207694"]

1. e4 c5 2. Nf3 d6 3. d4 b6 4. Bb5+ Bd7 5. Bxd7+ Qxd7 6. c4 cxd4 7. Nxd4 e5 8. Nf5 Nf6 9. Qe2 Nc6 10. Be3 Nxe4
11. Ng3 Nxg3 12. hxg3 Qf5 13. g4 Qg6 14. Nc3 f5 15. Qf3 Nd4 16. Qxa8+ Kf7 17. Qxa7+ Be7 18. Bxd4 exd4 19. Nd5 Re8 20. gxf5 Qxg2
21. O-O-O Qg5+ 22. f4 Qxf5 23. Rde1 Kg8 24. Rxe7 Rc8 25. Rxg7+ Kh8 26. Rgxh7+ Qxh7 27. Qxh7#
1-0

[Event "Let´s go Newbies"]
[Site "SchemingMind.com"]
[Date "2009.06.07"]
[Round "-"]
[White "john1960uk"]
[Black "themonsteriam"]
[Result "1-0"]
[WhiteCountry "ENG"]
[BlackCountry "USA"]
[WhiteElo "1639"]
[WhiteRD "134"]
[BlackElo "1381"]
[BlackRD "142"]
[GameID "207695"]

1. e4 e6 2. d4 d5 3. Nc3 c5 4. exd5 exd5 5. dxc5 Bxc5 6. Qxd5 Qxd5 7. Nxd5 Bb6 8. Nxb6 axb6 9. Nf3 Nf6 10. Bd3 O-O
11. Be3 Re8 12. O-O Nbd7 13. Rfe1 Ne5 14. Nxe5 Rxe5 15. a3 h5 16. Bxb6 Rxe1+ 17. Rxe1 Bd7 18. Re7 Kf8 19. Bc5 Bc6 20. Rxb7+ Kg8
21. Ra7 Re8 22. f3 g6 23. b4 Nd5 24. b5 Ba8 25. Bc4 Re1+ 26. Kf2 Re8 27. Rxa8 Rxa8 28. Bxd5 Rc8 29. Bc6 Kh7 30. a4 Ra8
31. Bxa8
1-0

[Event "Let´s go Newbies"]
[Site "SchemingMind.com"]
[Date "2009.06.07"]
[Round "-"]
[White "andu"]
[Black "john1960uk"]
[Result "1-0"]
[WhiteCountry "AUT"]
[BlackCountry "ENG"]
[WhiteElo "1669"]
[WhiteRD "64"]
[BlackElo "1639"]
[BlackRD "134"]
[GameID "207696"]

1. e4 e5 2. Nf3 Nc6 3. Bb5 a6 4. Bxc6 dxc6 5. d4 exd4 6. Qxd4 Qxd4 7. Nxd4 Bd7 8. O-O O-O-O 9. Nc3 Bd6 10. a3 Ne7
11. b4 Ng6 12. Be3 Ne5 13. Nde2 Nc4 14. Bd4 f6 15. Rfd1 Be6 16. Na4 b6 17. Rd3 Rhe8 18. f3 Rd7 19. Kf2 f5 20. exf5 Bxf5
21. Rc3 Be6 22. Re1 h5 23. Nc1 Nxa3 24. Rxa3 Bxb4 25. Rxe6 Bxa3 26. Rxe8+ Rd8 27. Rxd8+ Kxd8 28. Nb3 g5 29. Bf6+ Be7 30. Bxe7+ Kxe7
31. Nd4 c5 32. Nc6+ Kd6 33. Nb8 a5 34. c4 Ke5 35. Na6 Kd4 36. Nb2 c6 37. Nb8 g4 38. Nxc6+ Kc3 39. Na4+ Kxc4 40. Nxb6+ Kb5
41. Nxa5 Kxb6 42. Nc4+ Kb5 43. Ne5 gxf3 44. gxf3 Kb4 45. f4 h4 46. f5
1-0

[Event "Let´s go Newbies"]
[Site "SchemingMind.com"]
[Date "2009.06.07"]
[Round "-"]
[White "BigDaddy"]
[Black "john1960uk"]
[Result "0-1"]
[WhiteCountry "AUT"]
[BlackCountry "ENG"]
[WhiteElo "1234"]
[WhiteRD "97"]
[BlackElo "1639"]
[BlackRD "134"]
[GameID "207697"]

1. e4 c5 2. Bc4 e6 3. d3 d5 4. Nc3 dxc4 5. dxc4 Qxd1+ 6. Nxd1 Nf6 7. f3 g6 8. Bg5 Bg7 9. Bf4 O-O 10. Nc3 Nc6
11. Nge2 Rd8 12. O-O b6 13. e5 Ne8 14. Bg5 Rd7 15. f4 h6 16. Bh4 Bb7 17. Rad1 Rxd1 18. Nxd1 g5 19. Bg3 Rd8 20. Nec3 gxf4
21. Bxf4 Nxe5 22. Bxe5 Bxe5 23. Ne2 Rd2 24. Re1 Nf6 25. b3 Rxc2 26. Ne3 Rd2 27. Nf1 Bd4+ 28. Kh1 Rxa2 29. Nfg3 Ng4 30. Rf1 Nf2+
31. Kg1 Nh3+ 32. Kh1 f5 33. Nf4 Nxf4
0-1

[Event "Let´s go Newbies"]
[Site "SchemingMind.com"]
[Date "2009.06.07"]
[Round "-"]
[White "DandyLion"]
[Black "john1960uk"]
[Result "1-0"]
[WhiteCountry "IRL"]
[BlackCountry "ENG"]
[WhiteElo "1876"]
[WhiteRD "103"]
[BlackElo "1639"]
[BlackRD "134"]
[GameID "207698"]

1. e4 c5 2. Nf3 Nc6 3. d4 cxd4 4. Nxd4 e6 5. c4 Nf6 6. Nc3 Bb4 7. Qd3 O-O 8. Bd2 d5 9. cxd5 exd5 10. Nxc6 bxc6
11. exd5 Re8+ 12. Be2 a5 13. Be3 Nxd5 14. O-O Bxc3 15. bxc3 Ba6 16. Qc2 Qc7 17. Bxa6 Rxa6 18. Qd3 Rb8 19. Qxa6 Nxe3 20. fxe3 Re8
21. Rae1 h6 22. Rf3 Rb8 23. Ref1 f6 24. Qc4+ Kh7 25. Qe4+ Kg8 26. Qe6+ Kh7 27. Rd1 Rd8 28. Rxd8 Qxd8 29. Qe4+ Kg8 30. Qd4 Qc7
31. Rf1 Qc8 32. Rd1 Qe6 33. a4 f5 34. c4 g5 35. Qd8+ Kf7 36. Rd7+ Kg6 37. Rd6
1-0

[Event "Let´s go Newbies"]
[Site "SchemingMind.com"]
[Date "2009.06.07"]
[Round "-"]
[White "heypeople"]
[Black "john1960uk"]
[Result "0-1"]
[WhiteCountry "USA"]
[BlackCountry "ENG"]
[WhiteElo "1346"]
[WhiteRD "151"]
[BlackElo "1733"]
[BlackRD "119"]
[GameID "207699"]

1. d4 Nf6 2. Nf3 g6 3. e3 Bg7 4. c4 O-O 5. Nc3 d6 6. Be2 Nbd7 7. O-O e5 8. dxe5 dxe5 9. e4 c6 10. Qd2 Ng4
11. Qg5 Qxg5 12. Bxg5 Nc5 13. Rad1 Nf6 14. Nxe5 Nfxe4 15. Nxe4 Nxe4 16. Nd7 Bxd7 17. Rxd7 Nxg5 18. Rfd1 Rfe8 19. Bd3 Rad8 20. Rxd8 Rxd8
21. f4 Ne4 22. Bc2 Rxd1+ 23. Bxd1 Bxb2 24. Bf3 Nc5 25. g3 f5 26. Bd1 Bd4+ 27. Kg2 Ne4 28. a4 a5 29. Kf3 Nd2+ 30. Ke2 Nxc4
31. Bb3 b5 32. Kd3 Bg1 33. h3 Bh2 34. g4 fxg4 35. hxg4 Bxf4 36. Ke4 Bc7 37. Kd4 Bb6+ 38. Kd3 Kf7 39. Ke4 Kf6 40. axb5 Nd2+
41. Kd3 Nxb3 42. Kc4 cxb5+ 43. Kxb3 h5 44. gxh5 gxh5 45. Kc3 h4 46. Kd3 h3 47. Ke2 h2 48. Kd3 h1=Q 49. Kc3 Qd1 50. Kb2 b4
51. Ka2 Qc2+ 52. Ka1 Bd4#
0-1

[Event "Let´s go Newbies"]
[Site "SchemingMind.com"]
[Date "2009.06.07"]
[Round "-"]
[White "themonsteriam"]
[Black "john1960uk"]
[Result "0-1"]
[WhiteCountry "USA"]
[BlackCountry "ENG"]
[WhiteElo "1381"]
[WhiteRD "142"]
[BlackElo "1639"]
[BlackRD "134"]
[GameID "207700"]

1. e4 e5 2. f4 exf4 3. Nf3 g5 4. h4 g4 5. Ng5 h6 6. Nxf7 Kxf7 7. Qxg4 Nf6 8. Qxf4 d6 9. Nc3 Be6 10. d4 Kg8
11. e5 dxe5 12. dxe5 Nd5 13. Nxd5 Qxd5 14. Qg3+ Bg7 15. Be2 Nc6 16. O-O Nxe5 17. Bf4 h5 18. Rad1 Qc5+ 19. Be3 Qxc2 20. Rc1 Qxe2
21. Rxc7 Ng4 22. Bc5 Be5 23. Re1 Rd8 24. Rd7 Rxd7 25. Bd6 Bxg3 26. Rxe2 Rxd6
0-1